| 000 | 00564nam a2200217 a 4500 | ||
|---|---|---|---|
| 001 | 0001-2004 | ||
| 003 | ELIB.Books | ||
| 008 | 190604 2010 eng | ||
| 020 | _aKBTS | ||
| 092 |
_a241.62 _bBon |
||
| 100 | _aBonino, Jose Miguez | ||
| 245 | _aToward a Christian Political Ethics | ||
| 260 |
_aPhiladelphia _bFortress Press _c1983 |
||
| 300 |
_a126 _c21.5 Cm |
||
| 650 | _aPolitical Ethics | ||
| 856 |
_nKBTS Library _uKBTS Elib |
||
| 942 |
_2ddc _cBK |
||
| 990 | _a1 | ||
| 998 |
_aEnglishbooks.elf _ccat _e2019-06-04 |
||
| 999 |
_c12004 _d12004 |
||